10 Biggest Cities in Angola - Statistics

General Stats
  • This quiz has been taken 18 times
  • The average score is 5 of 10
Answer Stats
Population City % Correct
2 775 000 Luanda
100%
225 000 Huambo
77%
210 000 Lobito
77%
150 000 Benguela
62%
100 000 Lubango
54%
80 000 Namibe
54%
115 000 Kuito
23%
85 000 Malanje
23%
385 000 N'dalatando
15%
65 000 Soyo
8%
No matching quizzes found
Score Distribution
Percent of People with Each Score
Percentile by Number Answered
Your Score History
You have not taken this quiz